Top 10 countries with most ski resorts - Statistics

General Stats
  • This quiz has been taken 99 times
    98 since last reset
  • The average score is 8 of 10
Answer Stats
# Country % Correct
529 United States
98%
296 Canada
96%
358 Switzerland
96%
440 Austria
92%
288 Italy
91%
678 Germany
88%
565 Japan
79%
255 Sweden
74%
271 Poland
53%
316 Czech Republic
51%
No matching quizzes found
Score Distribution
Percent of People with Each Score
Percentile by Number Answered
Your Score History
You have not taken this quiz since the last reset